000 00412nam a22001697a 4500
005 20160524112408.0
008 160524b xxu||||| |||| 00| 0 eng d
020 _a981-243-103-9
041 _aeng
082 _b4527
100 _aBroun, Loura Irundy, Tony
_91118
245 _aStrategic Project Mgt.
260 _aNew Delhi
_bAcademic Faundation
300 _a246
650 _aManagement
_9241
942 _cBK
999 _c1521
_d1520